[Event "Shanghai COITCT 2019"]
[Site "Shanghai"]
[Date "2019.09.15"]
[Round "3.11"]
[White "Ma, Zhonghan"]
[Black "Bai, Jinshi"]
[Result "0-1"]
[WhiteElo "2485"]
[BlackElo "2591"]
[Annotator "TA"]
[PlyCount "134"]
[EventDate "2019.09.15"]
[EventType "team-tourn"]
[EventCountry "CHN"]
[SourceTitle "playchess.com"]
[Source "ChessBase"]
[SourceQuality "1"]

{[%evp 12,156,11,21,34,8,25,12,6,0,9,0,0,-2,0,0,0,4,11,0,7,-32,-20,-99,-99,-94,-107,-101,-106,-97,-112,-147,-150,-143,-135,-127,-133,-141,-133,-132,-47,-64,-66,-73,-61,-66,-50,-60,-62,-57,0,-72,-68,-64,-14,-21,0,0,0,0,0,0,29987,0,0,0,0,0,0,0,0,0,0,0,0,0,0,-164,-158,-181,-179,-203,-209,-211,-215,-220,-217,-216,-195,-223,-216,-228,-220,-222,-222,-225,-213,-316,-278,-350,-316,-303,-302,-373,-327,-325,-309,-377,-309,-406,-238,-309,-268,-309,-302,-295,-295,-295,-186,-290,-272,-295,-295,-295,-295,-288,-275,-486,-483,-566,-554,-531,-531,-549,-531,-502,-497,-496,-388,-338,-297,-534,-532,-527,-512,-497,-497]} 1. d4 d5 2. c4 c6 3. Nf3 Nf6 4. Nc3 dxc4 5. a4 e6 6. e3 c5 7. Bxc4 cxd4 {D16: Slav Defence: 5 a4: Lines with 5...Bg4 and 5...Na6} 8. Nxd4 (8. exd4 Be7 9. O-O O-O 10. d5 exd5 11. Nxd5 Nxd5 12. Bxd5 Nd7 13. h3 Nf6 14. Bc4 b6 15. Qb3 {½-½ (30) Nakamura,H (2746)-Shankland,S (2731) Saint Louis 2019}) 8... Bb4 9. O-O O-O {The position is equal.} 10. Qb3 Qe7 11. Bd2 Rd8 $146 ({Predecessor:} 11... Bc5 12. Rfd1 Rd8 13. Be1 Bxd4 14. Rxd4 Rxd4 15. exd4 {½-½ (69) Sarana,A (2630)-Svane,R (2605) Karlsruhe 2019}) 12. Rad1 Nbd7 13. Ne4 Bxd2 14. Nxd2 Nc5 15. Qa3 Bd7 $36 {[%mdl 2048] Black is more active.} 16. N2b3 (16. a5 {looks sharper.} h6 17. f4 Rac8 18. N2f3 Bc6 19. Nxc6 Rxc6 20. Rd4) 16... Bxa4 17. Qxc5 (17. Be2 $11) 17... Qxc5 $17 18. Nxc5 Bxd1 19. Rxd1 e5 20. Nxb7 Rdb8 21. Nd6 exd4 22. Nxf7 dxe3 23. Ng5+ Kf8 24. b3 exf2+ 25. Kxf2 Rb6 (25... Ke7 $1 $17 26. Re1+ Kd6 27. Rd1+ Kc6) 26. Ne6+ Ke7 27. Re1 Kd6 28. Nxg7 Rf8 {White must now prevent ...Ne8+.} 29. Ne6 Rc8 30. Rd1+ Ke5 ({Black should play} 30... Kc6 $15) 31. Ng5 (31. Re1+ $11 {keeps the balance.} Kd6 32. h3) 31... Kf5 32. h4 Rc7 33. Re1 h6 34. Bd3+ $1 Kg4 35. Be2+ Kxh4 36. Nf3+ Kh5 $2 {[%mdl 8192] [#]} (36... Kg4 $11 37. Bd3 Rg7) 37. Nd4+ $2 (37. Bd3 $1 {mates} Ng4+ 38. Kg3 Rg6 39. Rh1+ Nh2+ 40. Kf2 Rxg2+ 41. Kxg2 Rg7+ 42. Kf2) 37... Kg5 $11 {And now ...Ne4+ would win.} 38. Bc4 $1 Rd7 39. Nf3+ $1 Kf5 (39... Kf4 $5 40. g3+ $8 Kf5 $11) 40. Nh4+ Kg4 41. Nf3 Kf5 {aiming for ...Ne4+.} (41... Kf4 $5 42. g3+ $8 Kf5 $11) 42. Nh4+ Kg4 43. Nf3 Rg7 {Strongly threatening ...Kf4.} 44. Ne5+ $2 (44. g3 $11 {and White is okay.}) 44... Kf5 $19 {Hoping for ...Ne4+.} 45. Bd3+ Kg5 46. Bc4 Ng4+ 47. Nxg4 Kxg4 {[%mdl 4096] Endgame KRR-KRB} 48. Re4+ Kf5 49. Re8 Rf6 50. Bd5 Kg5+ 51. Kg1 Rd7 52. Bc4 Kf4 53. Kh2 Rg6 54. Rf8+ (54. Be2 $142) 54... Ke5 55. Kh3 Rd1 {[%cal Rd1h1]} 56. Re8+ Kf4 {[%cal Rd1h1]} 57. Rf8+ Ke3 {[%cal Rd1h1]} 58. Re8+ {[#]} Kd2 $1 {[%cal Rd1h1]} 59. Kh2 Kc2 60. Re7 a6 (60... a5 $142 {Threatens to win with ...Rd2.} 61. g3 Rg5) 61. g3 Kc3 62. Ra7 Rdd6 63. Kh3 Rdf6 64. Kg2 Kb4 65. Rb7+ (65. Bd3 $142) 65... Kc5 66. Rc7+ Kb6 67. Re7 a5 {Played: Rg6-g5} 0-1

[Event "Shanghai COITCT 2019"]
[Site "Shanghai"]
[Date "2019.09.15"]
[Round "3.12"]
[White "Wen, Yang"]
[Black "Mu, Ke"]
[Result "1-0"]
[WhiteElo "2586"]
[BlackElo "2414"]
[Annotator "TA"]
[PlyCount "159"]
[EventDate "2019.09.15"]
[EventType "team-tourn"]
[EventCountry "CHN"]
[SourceTitle "playchess.com"]
[Source "ChessBase"]
[SourceQuality "1"]

{[%evp 9,159,-5,0,0,0,0,1,-12,-19,-41,-23,-42,-14,-36,10,6,241,-76,-75,-58,-53,-88,-79,-98,-96,-123,-58,-127,-124,-238,-247,-241,-260,-858,-856,-810,-574,-525,-551,-538,-500,-497,-164,-135,-140,-153,-110,-212,-207,-216,-138,-138,-100,-102,-70,-68,-67,-137,0,0,0,-69,-28,-29,-25,-16,-23,-78,-72,-201,-111,-128,-132,-172,-150,-129,-114,-112,-63,-86,-41,-53,8,-56,-8,-9,-31,-22,0,0,0,-5,0,0,0,0,0,0,0,0,0,0,0,0,0,0,0,0,0,0,0,0,0,0,0,0,0,0,0,0,0,0,0,0,0,0,0,0,0,0,34,34,36,0,0,0,0,0,37,40,40,42,43,0,0,0,68,68,68,68,68,68]} 1. e4 e6 2. f4 d5 3. e5 c5 4. Nf3 Nc6 5. c3 Bd7 6. Na3 {C00: French: Unusual White 2nd moves} Nh6 7. Nc2 Qb6 (7... Rc8 8. d4 cxd4 9. Ncxd4 Nxd4 10. Nxd4 Bc5 11. Be3 f6 12. Qh5+ Nf7 13. exf6 Qxf6 14. Bd3 {1-0 (67) Lu,S (2546)-Potkin,V (2621) Dubai 2014}) 8. Rb1 {The position is equal.} Be7 9. a3 $146 ({Predecessor:} 9. Be2 Nf5 10. O-O d4 11. Kh1 h5 12. Bd3 g6 13. b4 cxb4 14. cxb4 {1-0 (34) Khukhashvili,S (2301)-Sikorova,O (2276) Batumi 2018}) 9... Na5 10. d4 Ba4 11. b4 cxd4 12. Nfxd4 Rc8 $2 {[#]} (12... Nc6 $11 {and Black has nothing to worry.}) 13. Be3 $2 (13. Bb5+ $1 $18 {[%mdl 512]} Bxb5 14. bxa5 Qxa5 15. Rxb5 Qxc3+ 16. Bd2) 13... Nc4 $36 {[%mdl 2048] Black has strong initiative.} 14. Bxc4 Rxc4 15. Qd3 Ng4 16. Bg1 Qc7 17. Kd2 Bxc2 (17... O-O $17 {White must now prevent ...Rc8.} 18. h3 Nxe5 $1 {[%mdl 512]} 19. fxe5 Rc8) 18. Qxc2 (18. Kxc2 $15 O-O 19. h3) 18... O-O 19. h3 {[#]} (19. Rb3 $17) 19... Nxe5 $1 $19 {[%mdl 576] Deflection} 20. fxe5 Bg5+ 21. Ke2 $2 (21. Ke1 Rxc3 {[%mdl 64] Double Attack} 22. Qe2) 21... Rxc3 {[%mdl 64] Double Attack} 22. Qa2 Qxe5+ 23. Kf1 Rfc8 {( -> ...Rc1+)} 24. Re1 Rc1 {[%csl Gc1][%cal Re5e1]} 25. Nf3 Rxe1+ $2 (25... Qf4 26. Bf2 R8c2) 26. Nxe1 {[#]} Rc1 $1 {[%csl Gc1][%cal Re5e1][%mdl 512]} 27. Qe2 Qc3 {[%mdl 1024] Black has strong compensation.} 28. Bf2 (28. h4 $17 Bd2 29. Bf2) 28... d4 29. Qb5 {[%cal Rb5e8]} h6 {And now ...d3 would win.} 30. h4 Bd2 {[%cal Rd2e1]} 31. Rh3 Qa1 {[%cal Rc1e1]} 32. Qe2 Bc3 $1 33. Rg3 (33. g4 $1 $15) 33... Kh8 ({Don't play} 33... Qxa3 $6 34. Qe5 $11) (33... a6 $17 34. h5 (34. Qe5 $2 d3 $19) 34... Qb1) 34. Rf3 $1 $11 {[%cal Rf3f7]} ({Avoid the trap} 34. Qe5 $2 d3 $19) 34... Kg8 35. g3 ({White should try} 35. Rg3 $11) 35... Qxa3 36. Kg2 {With the idea Bxd4!} Qb2 37. Qxb2 Bxb2 38. Nd3 (38. g4 $11 {keeps the balance.}) 38... Rc2 $17 39. Rf4 {[#]} (39. Ne1 $17 Rc1 40. Nd3) 39... Bc3 (39... f6 $1 $19 40. Re4 e5) 40. Re4 Rd2 41. Ne5 Bxb4 42. Nf3 Ra2 43. Nxd4 Bc5 {Hoping for ...Ra4.} 44. Ne2 $1 Bxf2 (44... Be7 {looks sharper.} 45. Kf3 b5 46. Be3 Ra3 47. Kf2 Bf6) 45. Kxf2 {[%mdl 4096] Endgame KRN-KR} a5 (45... b5 $15) 46. Ke3 (46. Re5 $1 $11) 46... b5 47. Re5 $1 b4 48. Rb5 g6 49. Nd4 Kg7 50. g4 Ra3+ 51. Ke4 Ra1 52. Nf3 Ra2 53. g5 h5 54. Ne5 Re2+ 55. Kd3 Rh2 56. Rb7 Rh3+ 57. Kd2 Rxh4 58. Rxf7+ Kg8 59. Ra7 Rh2+ 60. Kd3 Rg2 61. Ra8+ Kg7 62. Ra7+ Kg8 63. Ra8+ Kg7 64. Ra7+ Kg8 65. Nd7 h4 66. Ke4 Re2+ 67. Kf3 Rd2 68. Nf6+ Kf8 69. Rxa5 b3 {Strongly threatening ...h3.} 70. Ra8+ Ke7 {Threatens to win with ...h3.} 71. Ra7+ Kd8 72. Rb7 b2 {aiming for ...h3.} 73. Kg4 Rg2+ 74. Kxh4 Kc8 75. Rb3 Kc7 76. Ne4 (76. Ng4 $5 {[%cal Rg4e5]}) 76... Kc6 77. Nc3 {Na4 is the strong threat.} Rc2 ({Black should play} 77... Rd2 $11) 78. Nd1 $1 $14 {[%cal Rd1b2] White is slightly better.} Rc4+ 79. Kg3 Rc5 80. Kf4 {Accuracy: White = 51%, Black = 37%.} 1-0

[Event "Shanghai COITCT 2019"]
[Site "Shanghai"]
[Date "2019.09.15"]
[Round "3.13"]
[White "Lodhi, Mahmood"]
[Black "Zvjaginsev, Vadim"]
[Result "0-1"]
[WhiteElo "2349"]
[BlackElo "2644"]
[Annotator "TA"]
[PlyCount "188"]
[EventDate "2019.09.15"]
[EventType "team-tourn"]
[EventCountry "CHN"]
[SourceTitle "playchess.com"]
[Source "ChessBase"]
[SourceQuality "1"]

{[%evp 18,188,5,-7,-3,-89,-98,-102,-89,-108,-110,-112,-106,-96,-104,-113,-89,-56,-97,-110,-108,-143,-109,-140,-140,-140,-135,-117,-117,-104,-28,-178,-109,-172,-185,-150,-161,-137,-147,-327,-344,-421,-421,-421,-418,-511,-532,-531,-466,-875,-798,-816,-795,-2940,-2560,-2478,-2127,-2202,-2130,-29983,-179,-174,-222,-222,-175,-174,-177,-166,-163,-335,-334,-1938,-1705,-29997,-593,-593,-592,-1440,-1398,-1413,-1398,-1016,-825,-5600,-5931,-6023,-5683,-5600,-4440,-29957,-29958,-29960,-29960,-29977,-29962,-29962,-29964,-29963,0,-29960,-29960,-29963,-29964,-29964,0,-29961,-29963,-29965,-29963,-29961,-29962,-29962,-29962,-29961,-29963,-29962,-29963,-29963,-29961,-29961,-29958,-29959,0,-29961,0,-29958,-29955,-29954,-29943,-29939,-9814,-6937,-6095,-4682,-3405,-1849,-2234,-6347,-10829,-6605,-3808,-29957,-29955,-29965,-29966,-29967,-29968,-29968,-29970,-29971,-29972,-29972,-29973,-29973,-29974,-29974,-29975,-29975,-29976,-29976,-29976,-29979,-29979,-29979,-29980,-29980,-29981,-29982,-29983,-29983,-29984,-29985,-29986]} 1. d4 c5 2. d5 Nf6 3. g3 g6 4. Bg2 Bg7 5. e4 O-O 6. Ne2 e6 7. c4 exd5 8. cxd5 d6 9. Nbc3 Re8 10. O-O b5 {Black wants to play ...b4. A60: Modern Benoni: Early Divergences} 11. f3 (11. e5 $11 Rxe5 12. Bf4) (11. e5 Rxe5 12. Bf4 Re7 13. Bxd6 Rd7 14. Bxc5 Bb7 15. Nf4 Na6 16. Bd4 b4 17. Ne4 Nxd5 18. Bxg7 Kxg7 {1-0 (51) Rombaldoni,D (2481)-Vocaturo,D (2620) Chianciano Terme 2018}) 11... b4 $17 12. Na4 Bd7 {Black is better.} 13. a3 $146 ({Predecessor:} 13. Bf4 Bb5 14. Re1 Nh5 15. a3 Nxf4 16. Nxf4 Bxa4 17. Qxa4 Bxb2 18. Rab1 Bxa3 19. Nd3 Nd7 {0-1 (19) Coltro,J-Kover,W Brazil 1994}) 13... a5 $1 14. Rf2 Bb5 15. Bf1 Nbd7 16. Bf4 Nb6 (16... Nh5 {is more complex.} 17. Bc1 Ne5 18. g4 Nf6 19. Ng3 c4) 17. Nxb6 Qxb6 18. a4 Ba6 19. Rc1 Nd7 20. b3 Ne5 21. Bxe5 Bxe5 ({Don't play} 21... dxe5 22. Rc2 $15) 22. Kg2 {[#]} c4 $1 {[%mdl 512]} 23. bxc4 b3 (23... Qe3 $17 24. Nf4 Rac8) 24. Nf4 (24. Rb1 $1 $11 {and White has nothing to worry.}) 24... Bd4 (24... Rec8 $19 25. c5 Rxc5 26. Rxc5 Bxf1+ 27. Rxf1 dxc5) 25. c5 (25. Rd2 $17 Bg7 26. Rb1) 25... dxc5 $19 26. Bxa6 Rxa6 27. Re2 Qb4 28. Nd3 $2 (28. Rb1 $17 {keeps fighting.}) 28... Qxa4 29. Nxc5 Bxc5 30. Rxc5 Qb4 31. Rc6 Raa8 32. d6 a4 {Hoping for ...b2.} 33. Qd5 (33. Rb2 $142 Rab8 34. Rb1) 33... b2 34. Rc7 Rf8 35. Rxf7 Rxf7 36. Qxa8+ {[%mdl 4096] Endgame KQR-KQR} Kg7 37. Qd5 b1=Q 38. d7 {[#]} Qb6 $2 (38... Rxf3 $1 {mates} 39. Qe5+ (39. Kxf3 Qf1+) 39... Kh6 40. Kxf3 Qf1+ 41. Rf2 Qb3+ 42. Kg4 Qbd1+ {[%mdl 64] Double Attack} 43. Kh4 Qxf2 44. Qg5+ Kg7 45. Qe7+ Qf7 46. Qxf7+ Kxf7 47. g4 Qxd7 48. Kg3 a3 49. h4 Qd3+ 50. Kf4 a2 51. h5 a1=Q 52. g5 Qc1+ 53. Kg4 Qg1+ 54. Kh4 Qgg3#) 39. d8=Q Q1g1+ $1 ({Weaker is} 39... Q6g1+ 40. Kh3 $14) 40. Kh3 Qf1+ $40 {[%mdl 128] Black has strong attack.} 41. Rg2 Qxd8 42. Qxd8 Qxf3 {Threatens to win with ...h5. KQR-KQR} ({And not} 42... Rxf3 43. Qd4+ Kh6 44. e5 $11) 43. Qd5 $2 (43. Qd4+ Kh6 44. Qd2+ g5 45. Qe2) 43... h5 {[%csl Gh5][%cal Rf3g4]} 44. Rd2 $2 (44. Rg1) 44... Qf1+ 45. Kh4 {[#]} Qf6+ (45... Rf4+ $142 $1 {[%mdl 512]} 46. gxf4 Qxf4+ 47. Kh3 Qg4#) 46. Kh3 a3 47. Ra2 g5 {( -> ...g4+)} 48. Qf5 Qxf5+ 49. exf5 {KR-KR} Ra7 50. g4 hxg4+ 51. Kxg4 Kf6 52. Kf3 Kxf5 53. Ke3 g4 54. Kd4 Kf4 55. Rf2+ Kg5 56. Ra2 Kh4 57. Ke4 Kg5 58. Kd4 Ra8 59. Ke4 Re8+ 60. Kd4 Ra8 61. Ke4 $1 Kh4 62. Kd4 Kh3 63. Ke5 Rf8 64. Ke4 Rf1 65. Ke5 Rb1 66. Kf5 Rb5+ 67. Kf4 Rb4+ 68. Kf5 Rb3 69. Kg5 Rb4 70. Kf5 $1 {If only White now had time for Kg5....} Rb3 71. Kg5 $1 Rf3 72. Re2 Rc3 73. Ra2 Rc5+ (73... Rb3 $142 74. Kf4 Rb2 $1 {[%mdl 512]} 75. Rxa3+ Kh4 76. Ra8 Rf2+ 77. Ke3 Rxh2 78. Kf4 Rf2+ 79. Ke4 g3 80. Rh8+ Kg4 81. Rg8+ Kh3 82. Ke3 Rf6 83. Kd3 Kh2 84. Ke2 g2 85. Rh8+ Kg1 86. Ke1 Re6+ 87. Kd2 Re4 88. Kd3 Kf1 89. Rf8+ Ke1 90. Kxe4 g1=Q 91. Rf6 Qg4+ 92. Rf4 Qe2+ 93. Kd4 Qd2+ 94. Ke4 Ke2 95. Rf5 Qe3+ 96. Kd5 Qb3+ 97. Kd6 Qb6+ 98. Kd7 Qb7+ 99. Kd6 Qb6+ 100. Kd7 Ke3 101. Rd5 Ke4 102. Rh5 Qf6 103. Ra5 Qb6 104. Rg5 Qb7+ 105. Kd6 Qc8 106. Rb5 Qd8+ 107. Kc6 Qe8+ 108. Kc5 Qe5+ 109. Kc6 Qe6+ 110. Kc7 Kd4 111. Rb2 Qc4+ 112. Kd6 Qd3 113. Rb6 Qg6+ 114. Kc7 Qe8 115. Rd6+ Kc5 116. Rd7 Qe5+ 117. Kd8 Qb8+ 118. Ke7 Kc6 119. Rd1 Qe5+ 120. Kf8 Qh8+ 121. Ke7 Qh4+ 122. Kf8 Qb4+ 123. Ke8 Qe4+ 124. Kd8 Qh4+ 125. Ke8 Qh5+ 126. Ke7 Qxd1 127. Kf6 Kd6 128. Kg6 Qf3 129. Kg7 Ke7 130. Kh6 Kf6 131. Kh7 Qb7+ 132. Kh8 Qg7#) 74. Kf4 Ra5 75. Ke4 Kh4 76. Kf4 Kh5 77. Ke3 Rf5 78. Ke4 Rf3 79. Kd4 Rb3 {Black mates.} 80. Kc4 Rb2 81. Rxa3 Rxh2 82. Kd4 Re2 83. Ra7 g3 84. Rg7 {[#]} Kh4 $1 85. Kd3 Re8 86. Rh7+ Kg4 87. Rg7+ Kf3 88. Rf7+ Kg2 89. Kd2 Kg1 90. Rh7 g2 91. Rh6 Re5 92. Rh8 Kf2 93. Rf8+ {[#]} Kg3 $1 94. Rg8+ Kf3 {Accuracy: White = 35%, Black = 70%.} 0-1

[Event "Shanghai COITCT 2019"]
[Site "Shanghai"]
[Date "2019.09.15"]
[Round "3.14"]
[White "Kobalia, Mikhail"]
[Black "Khan, Mohd. Omer"]
[Result "1-0"]
[WhiteElo "2608"]
[BlackElo "2273"]
[Annotator "TA"]
[PlyCount "53"]
[EventDate "2019.09.15"]
[EventType "team-tourn"]
[EventCountry "CHN"]
[SourceTitle "playchess.com"]
[Source "ChessBase"]
[SourceQuality "1"]

{[%evp 10,53,67,71,84,77,71,80,82,69,185,176,178,180,186,174,183,174,182,178,257,152,280,279,268,246,268,279,298,293,343,308,396,393,387,385,431,424,420,405,397,371,362,363,366,358]} 1. e4 c6 2. d4 $146 ({Predecessor:} 2. c4 d5 3. cxd5 cxd5 4. exd5 Qxd5 5. Nc3 Qd8 6. d4 Nf6 7. Bc4 Bf5 {½-½ (32) Bellaiche,E (1685)-Ivanova,S Kemer 2007}) 2... d5 3. exd5 cxd5 4. c4 Bf5 5. Nc3 Nf6 6. Qb3 dxc4 {B13: Caro-Kann: Exchange Variation and Panov-Botvinnik Attack} 7. Bxc4 e6 8. Qxb7 Nbd7 {White is better.} 9. Bf4 {Strongly threatening Ba6.} Be7 {[#]} (9... a5 $1 $14) 10. Bc7 $1 $18 {[%cal Rc7d8]} Qc8 11. Ba6 $36 {[%mdl 2048] White is really pushing.} O-O 12. Qxc8 Raxc8 13. Bxc8 Rxc8 14. Bf4 Nd5 (14... Nb6 $142 15. Nge2 Nbd5) 15. Nge2 (15. Nxd5 $18 exd5 16. Rc1) 15... h6 (15... Nxf4 $16 16. Nxf4 Rb8) 16. Nxd5 exd5 17. Nc3 Be6 18. O-O Bf6 19. Rfd1 Kh7 20. Rac1 Kg6 21. Ne2 Re8 {If Black can now play ...Bg4 this consolidates a bit.} 22. Be3 Kh7 23. Nf4 Bg4 24. Re1 {White is winning.} Nb6 25. b3 g5 26. Nd3 Bf5 {[#]} 27. Ne5 $1 {Accuracy: White = 76%, Black = 31%.} 1-0

[Event "Shanghai COITCT 2019"]
[Site "Shanghai"]
[Date "2019.09.15"]
[Round "3.15"]
[White "Waqar, Ahmad Madni"]
[Black "Murzin, Volodar"]
[Result "0-1"]
[WhiteElo "1979"]
[BlackElo "2433"]
[Annotator "TA"]
[PlyCount "90"]
[EventDate "2019.09.15"]
[EventType "team-tourn"]
[EventCountry "CHN"]
[SourceTitle "playchess.com"]
[Source "ChessBase"]
[SourceQuality "1"]

{[%evp 15,90,20,26,0,-3,0,7,20,11,-27,-29,-30,77,83,98,109,183,146,190,162,138,141,161,151,154,129,151,-8,-7,-7,14,-83,0,0,0,-185,-193,-184,-193,-238,-211,-233,-235,-264,-229,-377,-383,-311,-339,-366,-356,-333,-297,-295,-283,-560,-529,-693,-675,-1201,-1134,-695,-683,-603,-576,-1189,-1028,-1247,-1016,-29972,-10058,-6079,-5797,-29983,-29984,-29983,-29980]} 1. e4 c5 2. Nf3 d6 3. d4 cxd4 4. Nxd4 Nf6 5. Nc3 a6 6. Be2 e5 7. Nb3 Be7 8. Be3 Be6 9. g4 {B92: Sicilian Najdorf: 6 Be2} h6 10. h4 Nbd7 11. Rg1 {The position is equal.} Nh7 12. g5 hxg5 13. hxg5 {[#]} Nhf8 $146 (13... Bxg5 $11 14. Bxg5 (14. Qxd6 Bxe3 15. fxe3 Qh4+ 16. Kd2 Ng5 $15) 14... Nxg5) ({Predecessor:} 13... Bxg5 14. Bxg5 Nxg5 15. Qxd6 Nh3 16. Rxg7 Qf6 {½-½ (34) Short,N (2690)-Palac,M (2591) Catalan Bay 2003}) 14. Qd2 $16 Rc8 15. O-O-O g6 (15... Ng6 $16 {is a better defense.}) 16. Kb1 Qc7 17. Rh1 Rxh1 18. Rxh1 Nb6 19. f4 Nc4 20. Bxc4 $1 Qxc4 21. Qd3 $2 {[#]} ({White should play} 21. Qf2 $16) 21... Qxd3 $11 22. cxd3 b5 23. d4 (23. Nd5 $11 {keeps the balance.}) 23... Bc4 (23... exf4 $17 24. Bxf4 Bc4) 24. dxe5 dxe5 25. Rd1 $2 {[#]} (25. fxe5 $11 {and White is okay.} Ne6 26. Nd5) 25... exf4 $19 26. Bxf4 Ne6 27. Bd6 Nxg5 ({Resist} 27... Bxg5 28. Na5 $17) 28. Bxe7 Kxe7 29. Nd5+ Kf8 30. Nb6 (30. Nc3 $142) 30... Bxb3 31. axb3 {[%mdl 4096] Endgame KRN-KRN} Rc6 32. Nd7+ Ke7 33. e5 Nf3 34. Rd3 Rc7 35. Rxf3 $2 (35. Nb8 Nxe5 36. Nxa6) 35... Rxd7 {KR-KR} 36. Rf6 Rd5 37. Rxa6 Rxe5 38. Kc2 g5 39. Kc3 f6 40. Kb4 Kf7 41. Kc3 Rd5 42. b4 Kg6 (42... g4 $142 43. Ra1 f5 44. Kc2 f4 45. Ra7+ Kf6 46. Ra1 g3 47. Rg1 Kf5 48. Rg2 Kg4 49. Re2 f3 50. Re8 f2 51. Rg8+ Rg5 52. Re8 f1=Q 53. Re7 g2 54. Re3 Qf2+ {[%mdl 64] Double Attack} 55. Kd3 Rd5+ 56. Kc3 Qxe3+ 57. Kc2 Qd3+ 58. Kc1 g1=Q#) 43. Rc6 g4 44. Rc5 Rxc5+ 45. bxc5 g3 {Accuracy: White = 23%, Black = 62%.} 0-1

[Event "Shanghai COITCT 2019"]
[Site "Shanghai"]
[Date "2019.09.16"]
[Round "4.1"]
[White "Karimov, Alisher"]
[Black "Zvjaginsev, Vadim"]
[Result "0-1"]
[WhiteElo "2251"]
[BlackElo "2644"]
[Annotator "TA"]
[PlyCount "54"]
[EventDate "2019.09.15"]
[EventType "team-tourn"]
[EventCountry "CHN"]
[SourceTitle "playchess.com"]
[Source "ChessBase"]
[SourceQuality "1"]

{[%evp 9,54,21,11,11,3,-19,-26,-28,-9,-19,-2,-10,0,-11,-2,-20,5,5,-2,-65,-30,-137,-135,-156,-141,-208,-202,-200,-191,-402,-413,-515,-375,-523,-293,-994,-1037,-1077,-1073,-944,-794,-739,-771,-1452,-1365,-29988,-29989]} 1. Nf3 d6 2. g3 e5 3. Bg2 f5 4. c4 Be7 5. Nc3 Nf6 6. O-O {A21: English Opening: 1...e5 2 Nc3} (6. d3 O-O 7. O-O Kh8 8. b4 Qe8 9. Bg5 Nbd7 10. Rc1 h6 11. Bd2 c6 12. e3 g5 13. Ne2 e4 14. Ne1 Ne5 15. Bc3 g4 16. dxe4 fxe4 {1-0 (49) Aronian,L (2780)-Short,N (2652) Douglas 2018}) 6... O-O 7. c5 Nc6 8. cxd6 {Black has an edge.} cxd6 9. d3 $146 ({Predecessor:} 9. d4 e4 10. Ng5 d5 11. Nh3 Be6 12. Ng5 Qd7 13. Nxe6 Qxe6 {½-½ (44) Taimanov,M-Balashov,Y Leningrad 1974}) 9... Kh8 10. a3 Be6 11. b4 Rc8 12. Bb2 Qe8 13. d4 {Threatens to win with d5.} Bg8 14. dxe5 (14. d5 $11 Nd8 15. Nh4) 14... dxe5 $15 15. Nb5 (15. b5 $11 {remains equal.} Na5 16. Nxe5) 15... Rd8 $17 16. Qc2 {[#]} a6 $1 $36 {[%mdl 2048] Keeping White busy.} 17. Nc3 (17. Nc7 $17 Qd7 18. b5 (18. Bxe5 Nxe5 19. Nxe5 Qd6 $19)) 17... e4 $19 18. Nd2 Nd4 19. Qc1 $2 (19. Qb1 {only move.}) 19... Qh5 20. Re1 Ng4 21. h3 Ne5 22. g4 $2 (22. h4) 22... fxg4 23. Ncxe4 gxh3 24. Ng3 Qf7 25. Bxd4 Rxd4 26. Bf3 {[#]} Rxd2 $1 {[%mdl 512]} 27. Qxd2 Nxf3+ {Accuracy: White = 27%, Black = 74%.} 0-1